000 00655nam a2200253Ia 4500
003 OSt
005 20220924113853.0
006 a|||||r|||| 00| 0
007 ta
008 220923b |||||||| |||| 00| 0 per d
024 _a332334
037 _cTextual
040 _aARTS
_cARTS
_bper
041 _2per
_aper
082 _aR65,6, 164K4
100 _aMadhosh Au.
_9170568
245 0 _aBadah-i-gulrang
260 _aAgra
_bKashana-i-adab India
_c1964
300 _a122p.
_ccm.
650 _a PERSIAN LANGUAGE
650 _aBHAGAVAD GITA
942 _hR65,6, 164K4
_cTEXL
_2CC
999 _c390668
_d390668